| 000 | 01384nam a2200337 i 4500 | ||
|---|---|---|---|
| 003 | EG-GICUC | ||
| 005 | 20260126112344.0 | ||
| 008 | 260126s1995 ua ||||fr|||| 00| 0 ara d | ||
| 017 | _a95/7381 | ||
| 020 | _a9770414344 | ||
| 040 |
_a EG-GICUC _bara _c EG-GICUC _d EG-GICUC _erda |
||
| 041 | 0 | _aara | |
| 082 | 0 | 4 |
_a343.431 _bإ ب . س _221 |
| 092 | 0 | 4 | _221 |
| 099 | _aLaw1 10 343.431 إ ب . س 1995 1006333 | ||
| 100 | 0 |
_aإبراهيم عيد نايل. _eمؤلف. |
|
| 245 | 1 | 2 |
_aالسياسة الجنائية في مواجهة الإرهاب : _bبين القانون الفرنسي رقم 86-1020 لسنة 1986 والقانون المصري رقم 97 لسنة 1992 / _cدكتور إبراهيم عيد نايل. |
| 264 | 1 |
_aالقاهرة : _bدار النهضة العربية، _c1995. |
|
| 300 |
_a201 صفحة ؛ _c24 سم. _bإيضاحيات، صور، مثيليات ؛ |
||
| 336 |
_2rda content _atext |
||
| 337 |
_2rda media _aComputer |
||
| 338 |
_2rda carrier _aOnline Resource |
||
| 504 | _aيشتمل على ارجاعات ببليوجرافية. | ||
| 546 | _aالنص باللغة العربية | ||
| 650 | 1 | 4 |
_aالتشريع الخاص بالإرهاب. _2qrmak |
| 650 | 1 | 4 |
_aالقانون الجنائي. _2qrmak |
| 651 | 1 | _2qrmak | |
| 856 | 4 | 0 | _uhttps://fll.law.cu.edu.eg/fulltext/bks/B10-06333.pdf |
| 905 | _a18 | ||
| 942 |
_2ddc _cBK _e21 _n0 |
||
| 999 |
_c59429 _d59429 |
||